00322nam a2200121Ia 4500008004100000041000800041082001400049100001500063245003200078250001200110260005600122650002200178230711s9999||||xx |||||||||||||| ||und|| aENG a624bKH-C aKhanna,M.L 0aCivil Engineering hand book a1st Ed. c1996aNew DelhibTata McGraw Hill Education Limited aCivil Engineering